000 00524nam a2200169Ia 4500
999 _c12083
_d12083
003 OSt
005 20231227160747.0
008 190216s9999||||xx |||||||||||||| ||und||
040 _coclc
082 _a822.33
_bSHA/M
100 1 _aShakespeare, William,
_d1564-1616
_vAdaptations
_974
245 4 _aThe Merchant Of Venice /
_cWilliam Shakespeare
260 _bUniversity Of London Press,
_c1964.
_aLondon:
300 _a176p
650 _aEnglish Drama
942 _cBK
_2ddc
_h822.33
_iSHA/M
_k822.33
_mSHA/M